000 00437nam a22001577a 4500
003 URS
005 20220114171535.0
008 170323b xxu||||| |||| 00| 0 eng d
020 _a1556231784
050 _aHQ4661
_bB68
100 _aBrandes, Charles H.
_4author
245 _aValue investing today
_cCharles H. Brandes.
260 _aHomewood, Illinois
_bBusiness One Irwin
_c1989
300 _avii, 167 pages;
_c24 cm.
942 _cFR
_2lcc
999 _c14081
_d14081